000 01235naa a22003497a 4500
001 BR9210847
003 BR-BrBNA
005 20250721155419.0
007 ta
008 250630b bl.|||m| |||| 00| 0 por d
040 _aBR-BrBNA
_bpor
_cBiblioteca Nacional de Agricultura
041 _a(Pt)
072 _aF01; E72; E16
_b2121
_bG514
090 _aF01 BR9210847
100 1 _aCorrea, M.P.F.
100 1 _aKato, A.K.
100 1 _aEscobar, J.R.
100 1 _aCanto, A.C.
111 1 _a1. Simposio do Tropico Umido
_cBelem, PA (Brazil)
_d12-17 Nov 1984
245 1 _aO estado atual de conhecimentos sobre a cultura do guarana
500 _aAnais do 1. Simposio do Tropico Umido Brasilia, DF (Brasil): 1986. p. 265-280 [7 tables; 16 ref.; Summaries (En, Pt)] (BR9210847-AMS)
773 0 _tAnais do 1. Simposio do Tropico Umido
_b
_wF01 BR9210847
_gBrasilia, DF (Brasil), 1986. p. 265-280
650 _aGUARANA
650 _aPRATICA CULTURAL
650 _aMERCADO NACIONAL
650 _aPRODUTIVIDADE
650 _aPESQUISA AGRICOLA
650 _aAMAZONAS
490 _aDocumentos - Centro de Pesquisa Agropecuaria do Tropico Umido (Brazil)
_vno. 36
942 _cAMS
_2AGRIS
909 _a202506
_bLúcia
_c55
_dLúcia Elande
999 _c336356
_d336356